书目信息 |
| 书名: | Health counseling | |
| 作者: | Judith A. Lewis, Len Sperry, Jon Carlson. | |
| 分册号: | ||
| 分册名: | 出版地: | Pacific Grove, Calif. : |
|
| 出版社: | Brooks/Cole Pub. Co | |
| 出版时间: | c1993. | |
| 页数: | x, 300 p. ; | |
| 开本: | 25 cm. | |
| 丛书名: | ||
| 中图分类号: | ||
| 科图分类号: | ||
| 其他分类号: | C932 | |
| 主题词: | ||
| 电子资源: | ||
| 000 | 01063pam a2200301 a 450 | |
| 001 | E0760124945 | |
| 005 | 20070429081806.46 | |
| 008 | 920930s1993 cau b 001 0 eng | |
| 010 | @a92037322 | |
| 020 | @a0534134467 :@c$25.00. | |
| 035 | @A(DLC) 92037322 | |
| 040 | @aDLC@cDLC@dDLC | |
| 050 | 00 | @aR727.4@b.L48 1993 |
| 082 | 00 | @a362.1/04256@2 20 |
| 090 | @aC932 | |
| 099 | @dC932@ex73 | |
| 100 | 1 | @aLewis, Judith A.,@d1939- |
| 245 | 10 | @aHealth counseling / @cJudith A. Lewis, Len Sperry, Jon Carlson. |
| 260 | @aPacific Grove, Calif. :@bBrooks/Cole Pub. Co.,@cc1993. | |
| 300 | @ax, 300 p. ;@c25 cm. | |
| 500 | @a"A Clairemont book"--T.p. verso. | |
| 504 | @aIncludes bibliographical references and indexes. | |
| 650 | 0 | @aHealth counseling. |
| 700 | 1 | @aSperry, Len. |
| 700 | 1 | @aCarlson, Jon. |
| 906 | @a7@bcbc@corignew@d1@eocip@f19@gy-gencatlg | |
| 955 | @apc20 to ja00 09-30-92; jc05 10-02-92; jc02 10-01-92; jc08 10-02-92; aa19 10-06-92; cip ver. jg05 02-01-93 | |
| 991 | @bc-GenColl@hR727.4@i.L48 1993@p00011422603@tCopy 1@wBOOKS | |
| Health counseling / / Judith A. Lewis, Len Sperry, Jon Carlson.-Pacific Grove, Calif. : : Brooks/Cole Pub. Co., , c1993. |
| x, 300 p. ; ; 25 cm. |
| "A Clairemont book"--T.p. verso.-Includes bibliographical references and indexes. |
| ISBN 0534134467 :$25.00. |
| ● |
| 相关链接 |
|
|
|
|
正题名:Health counseling
索取号:C932/x73
 
预约/预借
| 序号 | 登录号 | 条形码 | 馆藏地/架位号 | 状态 | 备注 |
| 1 | 6366 | 300063669 | 第二样本阅览室/ [索取号:C932/x73] | 在馆 | |
| 2 | 6369 | 300063696 | 第四借阅区/ [索取号:C932/x73] | 在馆 |